00541nam a2200193 a 4500001001300000003000900013005001700022008004100039020002600080082001500106100002200121245005500143260004200198300000900240500003500249505001900284650002200303700002200325nice12345678IN_TiNIC20260116013127.0050524s1993 graa grp 000 0 eng  a0801029 c524.6500a269.2bLIV aLivingstone, Greg aPlanting Churches in Muslim Citiesb Team Approach aGrand RapidsbBaker Book House c1993 a271p aincludes index and biblioraphy2 aIndex, Biblio. aEvangelistic Work1 aLivingstone, Greg